Score 0/72 Timer 08:00
1 Play Today
First Name Actor's Last Name % Correct
Common First NameRay Romano Barone
88.7%
Character's Last NameRay Romano Barone
88.7%
Actor's Last NameRay Romano Barone
88.7%
Common First NameLucy Ball Ricardo
83.7%
Actor's Last NameLucy Ball Ricardo
83.7%
Character's Last NameLucy Ball Ricardo
83.7%
Common First NameRoseanne Barr Conner
81.9%
Actor's Last NameRoseanne Barr Conner
81.9%
Character's Last NameRoseanne Barr Conner
81.9%
Common First NameTim Allen Taylor
81%
Actor's Last NameTim Allen Taylor
81%
Character's Last NameTim Allen Taylor
81%
Common First NameFran Drescher Fine
75.5%
Actor's Last NameFran Drescher Fine
75.5%
Character's Last NameFran Drescher Fine
75.5%
Common First NameCharlie Sheen Harper
75.3%
Actor's Last NameCharlie Sheen Harper
75.3%
Character's Last NameCharlie Sheen Harper
75.3%
Common First NameTony Danza Micelli
73.5%
Actor's Last NameTony Danza Micelli
73.5%
Character's Last NameTony Danza Micelli
73.5%
Common First NameWoody Harrelson Boyd
71.2%
Actor's Last NameWoody Harrelson Boyd
71.2%
Character's Last NameWoody Harrelson Boyd
71.2%
Common First NameTony Danza Banta
70.7%
Actor's Last NameTony Danza Banta
70.7%
Character's Last NameTony Danza Banta
70.7%
Actor's Last NameMary Tyler Moore Richards
70.1%
Character's Last NameMary Tyler Moore Richards
70.1%
Common First NameMary Tyler Moore Richards
70.1%
Common First NameEllen DeGeneres Morgan
68.6%
Actor's Last NameEllen DeGeneres Morgan
68.6%
Character's Last NameEllen DeGeneres Morgan
68.6%
Common First NameAndy Griffith Taylor
65.1%
Actor's Last NameAndy Griffith Taylor
65%
Character's Last NameAndy Griffith Taylor
65%
First Name Actor's Last Name % Correct
Common First NameBob Newhart Hartley
64.2%
Character's Last NameBob Newhart Hartley
64.2%
Actor's Last NameBob Newhart Hartley
64.2%
Common First NameDoris Day Martin
59%
Actor's Last NameDoris Day Martin
59%
Character's Last NameDoris Day Martin
59%
Common First NameJames Garner Rockford
57%
Actor's Last NameJames Garner Rockford
57%
Character's Last NameJames Garner Rockford
57.1%
Common First NameGabe Kaplan Kotter
53.6%
Actor's Last NameGabe Kaplan Kotter
53.6%
Character's Last NameGabe Kaplan Kotter
53.6%
Common First NameMarion Ross Cunningham
51.4%
Actor's Last NameMarion Ross Cunningham
51.4%
Character's Last NameMarion Ross Cunningham
51.4%
Common First NameShirley Jones Partridge
50.3%
Actor's Last NameShirley Jones Partridge
50.3%
Character's Last NameShirley Jones Partridge
50.3%
Common First NameBonnie Hunt Kelly
45.5%
Actor's Last NameBonnie Hunt Kelly
45.5%
Character's Last NameBonnie Hunt Kelly
45.5%
Common First NameCheryl Hines David
41.3%
Actor's Last NameCheryl Hines David
41.3%
Character's Last NameCheryl Hines David
41.3%
Common First NameHarry Anderson Stone
40.6%
Actor's Last NameHarry Anderson Stone
40.6%
Character's Last NameHarry Anderson Stone
40.6%
Common First NameDave Foley Nelson
38.7%
Actor's Last NameDave Foley Nelson
38.7%
Character's Last NameDave Foley Nelson
38.7%
Actor's Last NameAngela Kinsey Martin
31.2%
Character's Last NameAngela Kinsey Martin
31.2%
Common First NameAngela Kinsey Martin
31.2%
Common First NameMabel King Thomas
25%
Actor's Last NameMabel King Thomas
25%
Character's Last NameMabel King Thomas
25%
Remove Ads.
Support Sporcle.
Get the best of Sporcle when you Go Orange. This ad-free experience offers more features, more stats, and more fun while also helping to support Sporcle. Thank you for becoming a member.

You're not logged in!

Compare scores with friends on all Sporcle quizzes.
OR
Log In

Sporcle TV

Today on Sporcle TV


Watch our educational content, quiz creation guides, and fun videos on Sporcle TV.

Show Comments

Extras

Top Quizzes Today


Score Distribution

Paid Content

Your Account Isn't Verified!

In order to create a playlist on Sporcle, you need to verify the email address you used during registration. Go to your Sporcle Settings to finish the process.

Report this User

Report this user for behavior that violates our Community Guidelines.

Details: